00189nam a2200073Ia 4500008004100000100001400041245004500055260001500100170817s9999 xx 000 0 und d aSingh.R.P 0aTeacher Education Today Researches Speak bShipra Pub